000 00286nam a22001097a 4500
008 230704b xxu||||| |||| 00| 0 eng d
082 _a342.2
_bMOU 1992
245 _aThe British Institution Now
_bFerdinand Mount
260 _bFerdinand Mount
_c1992
300 _aVII,288p
942 _2ddc
_cBK
999 _c3644
_d3644